000 00980nam a22002417a 4500
005 20170810160420.0
010 _a1617EN
020 _a9789351430643
_c1250.00
035 _aB-651934-948
035 _aB-667817
037 _bPragati
082 _a342.54
100 _aJain, M.P.
245 _aIndian constitutional law /
_cby M.P. Jain
250 _a7th ed
260 _aGurgaon
_bLexis Nexis
_c2016
270 _a14th Floor, Building N-10,Tower- B, DLF Cyber City, Phase-11,
_bGurgaon (Haryana)
_e122002
300 _aclxxxviii,2027p.
_b25cm(pbk)
500 _aIncludes index
942 _2ddc
_cEN
_h342.54
_mJAI
999 _c102351
_d102351